| 000 | 00717nam a2200289 4500 | ||
|---|---|---|---|
| 001 | 409075 | ||
| 003 | DO-SdBNP | ||
| 005 | 20180220111822.0 | ||
| 007 | 409075 | ||
| 008 | 940701s1993 sp | |||| ||spa | ||
| 016 | 7 |
_a _2BPMSU |
|
| 017 |
_a _b |
||
| 020 | _a8434827662 | ||
| 035 | _a | ||
| 040 |
_aBPMSU _bspa _cBPMSU _e |
||
| 080 | 0 | _a | |
| 100 | 1 |
_aBalzola, Asun _d1942-2006 |
|
| 245 | 1 | 3 |
_aLa cazadora de Indiana Jones _cAsun Balzola _h |
| 250 | _a6ยช ed. | ||
| 260 |
_aMadrid : _bSM, _c1993 |
||
| 300 |
_a110 p. ; _bil. : _c20 cm. |
||
| 490 |
_aEl barco de vapor _v53 |
||
| 500 | _a | ||
| 942 |
_2ddc _cBK |
||
| 945 | _aInventariado, 2018 / BT | ||
| 956 |
_aVMATEO _210 _320151130 _6BPMSU _800151 |
||
| 999 |
_c8952 _d8952 |
||